[Event "ICS Rated standard match"]
[Site "204.178.125.65"]
[Date "2000.05.20"]
[Round "?"]
[White "HangerOn"]
[Black "Hossa"]
[Result "1-0"]
[WhiteElo "1963"]
[BlackElo "2377"]
[PlyCount "93"]
[EventDate "2000.??.??"]

1. e4 c5 2. Nf3 e6 3. d4 cxd4 4. Nxd4 a6 5. Bd3 g6 6. O-O Bg7 7. Be3 Ne7 8. Qc1
d6 9. Nf3 Nbc6 10. Bh6 O-O 11. Bxg7 Kxg7 12. Rd1 e5 13. Qe3 Bg4 14. Nbd2 d5 15.
c3 f5 16. exf5 e4 17. Bxe4 dxe4 18. Nxe4 Nd5 19. Qc5 Rxf5 20. Ng3 Bxf3 21.
Nxf5+ gxf5 22. gxf3 Nce7 23. Kh1 b5 24. Rxd5 Nxd5 25. Rd1 Rc8 26. Qxd5 Qxd5 27.
Rxd5 Re8 28. Rd2 Kf7 29. Kg2 Rg8+ 30. Kf1 Ke6 31. Rd4 Rg7 32. a4 Rc7 33. axb5
axb5 34. Ke2 Ke5 35. f4+ Ke6 36. Rb4 Rc5 37. Ke3 Kd6 38. Rd4+ Kc6 39. Rd8 Rd5
40. Rxd5 Kxd5 41. Kd3 Kc5 42. b4+ Kd5 43. c4+ bxc4+ 44. Kc3 Kd6 45. Kxc4 Kc6
46. b5+ Kd6 47. Kd4 {Hossa resigns} 1-0

[Event "ICS rated standard match"]
[Site "204.178.125.65"]
[Date "2000.05.20"]
[Round "?"]
[White "Hossa"]
[Black "prg3"]
[Result "1/2-1/2"]
[WhiteElo "2348"]
[BlackElo "2162"]
[PlyCount "125"]
[EventDate "2000.??.??"]

1. Nf3 Nf6 2. c3 g6 3. d4 Bg7 4. c4 O-O 5. Nc3 d5 6. cxd5 Nxd5 7. e4 Nxc3 8.
bxc3 c5 9. Be3 cxd4 10. cxd4 Bg4 11. Rc1 Bxf3 12. gxf3 Qa5+ 13. Bd2 Qxa2 14. d5
Na6 15. Bc4 Qa3 16. O-O Rac8 17. Qe2 Nb8 18. f4 Nd7 19. Rb1 Nb6 20. Bb3 Qd6 21.
Be3 Rc3 22. Qa2 Nc8 23. e5 Qd7 24. Bd1 Rd8 25. Bf3 b6 26. Bg2 Qf5 27. Rfc1
Rxc1+ 28. Rxc1 g5 29. Qc4 gxf4 30. Bxf4 Bxe5 31. Bxe5 Qxe5 32. Qg4+ Qg7 33.
Qxc8 Rxc8 34. Rxc8+ Qf8 35. Rxf8+ Kxf8 36. Bf1 Kg7 37. Bd3 h6 38. f4 Kf6 39.
Kf2 e5 40. Bb5 exf4 41. d6 Ke6 42. d7 Ke7 43. Kf3 a6 44. Bxa6 Kxd7 45. Kxf4 Ke7
46. Ke5 f6+ 47. Kf5 Kf7 48. Bc4+ Kg7 49. h3 h5 50. h4 b5 51. Bxb5 Kh8 52. Be2
Kh7 53. Bxh5 Kh8 54. Kg6 f5 55. Be2 f4 56. Bf3 Kg8 57. h5 Kh8 58. h6 Kg8 59.
Be4 f3 60. Bd3 f2 61. h7+ Kh8 62. Bb5 f1=Q 63. Bxf1 {prg3 stalemated} 1/2-1/2

[Event "ICS rated blitz match"]
[Site "204.178.125.65"]
[Date "2000.05.20"]
[Round "?"]
[White "Hossa"]
[Black "SimenAgdes"]
[Result "1-0"]
[WhiteElo "2441"]
[BlackElo "1951"]
[PlyCount "37"]
[EventDate "2000.??.??"]

1. d3 e5 2. Nf3 d6 3. Nc3 f5 4. e4 Nf6 5. exf5 Bxf5 6. d4 e4 7. Nh4 Bg6 8. Nxg6
hxg6 9. d5 Nbd7 10. Qd4 Qe7 11. Bg5 Rh5 12. h4 Qe5 13. O-O-O Qxd4 14. Rxd4 Be7
15. Be2 Rh7 16. Bb5 a6 17. Bxd7+ Nxd7 18. Rxe4 Nf6 19. Rhe1 {SimenAgdes resigns
} 1-0

[Event "ICS rated blitz match"]
[Site "204.178.125.65"]
[Date "2000.05.20"]
[Round "?"]
[White "Ramiro"]
[Black "Hossa"]
[Result "0-1"]
[WhiteElo "2245"]
[BlackElo "2443"]
[PlyCount "40"]
[EventDate "2000.??.??"]

1. e4 c5 2. Nf3 e6 3. d4 cxd4 4. Nxd4 Qb6 5. Nc3 Bc5 6. Na4 Qa5+ 7. c3 Bxd4 8.
Qxd4 Nf6 9. Nc5 O-O 10. Nb3 Qh5 11. Be2 Qg6 12. Bf3 Nc6 13. Qe3 Ne5 14. Nd2 d5
15. exd5 Nd3+ 16. Ke2 exd5 17. Qxd3 Re8+ 18. Be4 Qxg2 19. Kd1 Nxe4 20. Rf1
Nxf2+ {Ramiro resigns} 0-1

[Event "ICS rated blitz match"]
[Site "204.178.125.65"]
[Date "2000.05.20"]
[Round "?"]
[White "kako"]
[Black "Hossa"]
[Result "0-1"]
[WhiteElo "2188"]
[BlackElo "2458"]
[PlyCount "80"]
[EventDate "2000.??.??"]

1. e4 c5 2. Nf3 e6 3. d3 d5 4. Nbd2 Nc6 5. g3 Nf6 6. Bg2 Be7 7. O-O O-O 8. Re1
dxe4 9. dxe4 e5 10. c3 Bg4 11. h3 Be6 12. Ng5 Bd7 13. Qe2 Qc7 14. Nf1 Qc8 15.
Kh2 h6 16. Nf3 Be6 17. Ne3 Nxe4 18. Nh4 Nd6 19. Nd5 Bxh4 20. gxh4 Qd8 21. Qh5
e4 22. Nf4 Bf5 23. Rg1 Ne5 24. Be3 b6 25. Bh1 Kh8 26. Rxg7 Kxg7 27. Ne6+ fxe6
28. Bxh6+ Kg8 29. Rg1+ Ng6 30. Rxg6+ Kf7 31. Rg7+ Kf6 32. Bg5+ Kxg7 33. Qh6+
Kf7 34. Bxd8 Raxd8 35. h5 Rh8 36. Qg5 Rdg8 37. Qf4 Rxh5 38. Bg2 Rhg5 39. Bf1
Ke7 40. b4 Rg1 {kako resigns} 0-1

[Event "ICS rated blitz match"]
[Site "204.178.125.65"]
[Date "2000.05.20"]
[Round "?"]
[White "Hossa"]
[Black "kako"]
[Result "1-0"]
[WhiteElo "2464"]
[BlackElo "2182"]
[PlyCount "67"]
[EventDate "2000.??.??"]

1. d3 Nf6 2. e4 e5 3. Nf3 Nc6 4. Nc3 Bb4 5. Bd2 d6 6. Be2 Nd4 7. Nxd4 exd4 8.
Nb5 Bxd2+ 9. Qxd2 c5 10. O-O a6 11. Na3 O-O 12. c3 dxc3 13. bxc3 b5 14. Bf3 Rb8
15. Nc2 Be6 16. Ne3 d5 17. e5 d4 18. cxd4 cxd4 19. exf6 dxe3 20. fxe3 Qxf6 21.
Rac1 Qe5 22. Rc6 Ra8 23. d4 Qb8 24. Qc2 Ra7 25. Be4 h6 26. Bh7+ Kh8 27. Bf5
Bxf5 28. Qxf5 a5 29. Rc5 Rb7 30. Rb1 Qe8 31. Re5 Qc8 32. Qd3 b4 33. Rxa5 Qc3
34. Qxc3 {kako resigns} 1-0

[Event "ICS rated blitz match"]
[Site "204.178.125.65"]
[Date "2000.05.20"]
[Round "?"]
[White "kako"]
[Black "Hossa"]
[Result "0-1"]
[WhiteElo "2177"]
[BlackElo "2469"]
[PlyCount "84"]
[EventDate "2000.??.??"]

1. e4 c5 2. Nf3 e6 3. d3 d5 4. Nbd2 Nc6 5. g3 Nf6 6. Bg2 Be7 7. O-O O-O 8. Re1
dxe4 9. dxe4 e5 10. c3 Bg4 11. h3 Be6 12. Ng5 Bd7 13. Qe2 Qc7 14. Nf1 Qc8 15.
Kh2 h6 16. Nf3 Rd8 17. Nh4 Nh7 18. Ne3 Bxh4 19. gxh4 Nf8 20. Nd5 Ng6 21. h5 Nh4
22. Rg1 Nxg2 23. Rxg2 Kh7 24. Bxh6 Rg8 25. Be3 Bxh3 26. Rg3 Be6 27. Ne7 Nxe7
28. Rag1 Bxa2 29. Qf3 Bb3 30. Qg2 g6 31. hxg6+ Nxg6 32. Rh3+ Kg7 33. Bh6+ Kf6
34. Qg5+ Ke6 35. Qf5+ Kd6 36. Rd3+ Kc7 37. Qf6 Be6 38. Rxg6 Rxg6 39. Qxe5+ Kc6
40. Rd6+ Kb5 41. c4+ Kxc4 42. Qc3+ Kb5 {kako resigns} 0-1

[Event "ICS rated blitz match"]
[Site "204.178.125.65"]
[Date "2000.05.20"]
[Round "?"]
[White "Hossa"]
[Black "kako"]
[Result "1-0"]
[WhiteElo "2474"]
[BlackElo "2172"]
[PlyCount "67"]
[EventDate "2000.??.??"]

1. d3 e5 2. Nf3 Nc6 3. Nc3 Nf6 4. e4 g6 5. Nd5 h6 6. Nxf6+ Qxf6 7. Be2 Bg7 8.
O-O O-O 9. Kh1 d6 10. Be3 g5 11. Nd2 Ne7 12. c3 Ng6 13. d4 Nf4 14. Bc4 Kh7 15.
Nf3 g4 16. Nd2 Qg6 17. Qa4 c6 18. dxe5 dxe5 19. Qd1 b5 20. Be2 Be6 21. a4 Rad8
22. axb5 cxb5 23. Bxb5 Kh8 24. Rxa7 Rxd2 25. Qxd2 Qxe4 26. Bxf4 exf4 27. Re1
Qf5 28. Bd7 g3 29. Bxe6 fxe6 30. Qd7 Rg8 31. fxg3 f3 32. gxf3 Qxf3+ 33. Kg1 h5
34. Rxe6 {kako resigns} 1-0

[Event "ICS Rated blitz match"]
[Site "204.178.125.65"]
[Date "2000.05.20"]
[Round "?"]
[White "Ramiro"]
[Black "Hossa"]
[Result "0-1"]
[WhiteElo "2230"]
[BlackElo "2479"]
[PlyCount "37"]
[EventDate "2000.??.??"]

1. e4 c5 2. Nf3 e6 3. d4 cxd4 4. Nxd4 Qb6 5. Nb3 Nc6 6. Be3 Qc7 7. Be2 Nf6 8.
Nc3 Bb4 9. Bd3 d5 10. O-O Bxc3 11. bxc3 dxe4 12. Bb5 O-O 13. Rb1 Rd8 14. Qc1
Nd5 15. Bxc6 Nxc3 16. Bb5 Bd7 17. Nd4 e5 18. Ne2 Bxb5 19. Nxc3 {Ramiro resigns}
0-1

[Event "ICS rated blitz match"]
[Site "204.178.125.65"]
[Date "2000.05.20"]
[Round "?"]
[White "kako"]
[Black "Hossa"]
[Result "0-1"]
[WhiteElo "2161"]
[BlackElo "2485"]
[PlyCount "76"]
[EventDate "2000.??.??"]

1. e4 c5 2. Nf3 e6 3. d3 d5 4. Nbd2 Nc6 5. g3 Nf6 6. Bg2 dxe4 7. dxe4 g6 8. O-O
Bg7 9. c3 O-O 10. Re1 e5 11. Qe2 Be6 12. Ng5 Bg4 13. Qe3 Qe7 14. h3 Rad8 15.
Nf1 Bd1 16. Bd2 Bc2 17. Rac1 Bd3 18. g4 h6 19. Nf3 Nxe4 20. Ng3 Nxg3 21. fxg3
e4 22. Nh2 Ne5 23. Qf2 Nc4 24. Bf4 Rfe8 25. Be3 Nxe3 26. Qxe3 Qe6 27. a3 b6 28.
h4 Qa2 29. g5 Qxb2 30. Ng4 hxg5 31. hxg5 Bxc3 32. Rxc3 Qxc3 33. Nf6+ Kf8 34.
Rc1 Qd4 35. Re1 Qxe3+ 36. Rxe3 Re5 37. g4 Kg7 38. Rh3 Rxg5 {kako resigns} 0-1

[Event "ICS rated standard match"]
[Site "204.178.125.65"]
[Date "2000.05.20"]
[Round "?"]
[White "Amateur"]
[Black "Hossa"]
[Result "0-1"]
[WhiteElo "2327"]
[BlackElo "2340"]
[PlyCount "198"]
[EventDate "2000.??.??"]

1. e4 c5 2. Nf3 e6 3. d4 cxd4 4. Nxd4 Qb6 5. Nb3 Nc6 6. Be3 Qc7 7. N1d2 Nf6 8.
Bd3 Be7 9. O-O O-O 10. Nd4 Nxd4 11. Bxd4 e5 12. Be3 d5 13. exd5 Nxd5 14. Qh5
Nf6 15. Qh4 Rd8 16. Nf3 Qd6 17. Bd2 Re8 18. Rfe1 Bd8 19. Rad1 Qc7 20. Bc3 e4
21. Bxe4 Nxe4 22. Rxe4 Be6 23. Ng5 Bxg5 24. Qxg5 f5 25. Re5 h6 26. Qe3 Qc4 27.
Re1 f4 28. Qf3 Rab8 29. b3 Qc8 30. Bd4 Qd7 31. Qxf4 Rbc8 32. c3 Ra8 33. Qg3
Rac8 34. R5e4 Re7 35. Bxa7 Ree8 36. Bd4 Rc6 37. Rh4 Kh7 38. Re5 Ra6 39. Re2
Rea8 40. f3 Bf5 41. Re5 Rf6 42. Qf2 Kg8 43. c4 Rf7 44. Re1 Qd8 45. Rh5 Qf8 46.
Bc5 Qd8 47. Be3 Qf6 48. Bb6 g5 49. g4 Qg6 50. Qd4 Bd7 51. Re5 Qb1+ 52. Kf2
Rxa2+ 53. Re2 Rxe2+ 54. Kxe2 Qc2+ 55. Qd2 Qxb3 56. Be3 Qxc4+ 57. Qd3 Qe6 58.
Rh3 b5 59. Kd2 Bc6 60. Bd4 Rd7 61. Kc3 Rd6 62. Kb2 Qd5 63. Rh5 Be8 64. Rh3 Bg6
65. Qb3 Qxb3+ 66. Kxb3 Rxd4 67. Rxh6 Kg7 68. Rh3 Rd3+ 69. Kb4 Be8 70. Rg3 Kg6
71. Kc5 Rc3+ 72. Kd4 Rc4+ 73. Kd3 Kf6 74. Rh3 Bg6+ 75. Ke3 Rc3+ 76. Ke2 Rc2+
77. Ke3 Rc8 78. Rh6 Kg7 79. Rh3 b4 80. Kd4 b3 81. f4 Rb8 82. Rxb3 Rxb3 83. f5
Bxf5 84. gxf5 g4 85. Ke5 Re3+ 86. Kf4 Rh3 87. Kxg4 Rxh2 88. Kg3 Re2 89. Kg4 Kf6
90. Kf3 Re1 91. Kf4 Re5 92. Kf3 Kxf5 93. Kg3 Re3+ 94. Kg2 Kg4 95. Kf2 Re4 96.
Kg2 Rf4 97. Kh2 Kf3 98. Kh3 Kf2 99. Kh2 Rh4# {Amateur checkmated} 0-1

[Event "ICS rated standard match"]
[Site "204.178.125.65"]
[Date "2000.05.20"]
[Round "?"]
[White "Hossa"]
[Black "Amateur"]
[Result "1-0"]
[WhiteElo "2355"]
[BlackElo "2312"]
[PlyCount "123"]
[EventDate "2000.??.??"]

1. d3 Nc6 2. Nf3 e5 3. e4 Nf6 4. Nc3 Bb4 5. Be2 d5 6. exd5 Bxc3+ 7. bxc3 Qxd5
8. O-O Bf5 9. c4 Qd7 10. Bb2 Qe7 11. Qc1 O-O-O 12. Re1 Bg6 13. Bf1 Nd7 14. Ba3
Qe6 15. d4 Qg4 16. dxe5 Rhe8 17. Qb2 Re6 18. Rab1 Na5 19. h3 Qf4 20. Qb5 Ra6
21. Bc1 Qf5 22. c5 Qxc2 23. Qxa6 bxa6 24. Bxa6+ Nb7 25. Bxb7+ Kb8 26. Be4+ Qxb1
27. Bxb1 Nxc5 28. Bxg6 hxg6 29. Be3 Ne6 30. Ng5 Nxg5 31. Bxg5 Re8 32. Be3 Kb7
33. Rb1+ Ka6 34. Rc1 Kb7 35. Bd4 Rd8 36. Bxa7 Kxa7 37. Rxc7+ Kb6 38. Rxf7 Re8
39. Rxg7 Re6 40. f4 Kc5 41. Rc7+ Kd5 42. Rc2 Ra6 43. Kf2 Ra3 44. h4 Ke6 45. g3
Kd5 46. Kg2 Ra6 47. Kf3 Ra8 48. Kg4 Ra3 49. Rg2 Ke6 50. Kg5 Kf7 51. g4 Kg7 52.
Rd2 Ra4 53. Rd6 Kh7 54. Rf6 Rxa2 55. Rxg6 Ra5 56. Kf6 Ra8 57. f5 Rf8+ 58. Ke7
Rc8 59. e6 Rc6 60. Kf7 Rc7+ 61. e7 Rxe7+ 62. Kxe7 {Amateur resigns} 1-0

[Event "ICS rated standard match"]
[Site "204.178.125.65"]
[Date "2000.05.20"]
[Round "?"]
[White "cmslim"]
[Black "Hossa"]
[Result "1-0"]
[WhiteElo "2428"]
[BlackElo "2369"]
[PlyCount "183"]
[EventDate "2000.??.??"]

1. e4 c5 2. Nf3 e6 3. d4 cxd4 4. Nxd4 Qb6 5. Nb3 Nc6 6. Nc3 Nf6 7. Bd3 Bb4 8.
O-O Bxc3 9. bxc3 d6 10. Nd4 O-O 11. Be3 Qd8 12. Nxc6 bxc6 13. c4 e5 14. h3 Be6
15. Qf3 Qc7 16. Rfb1 Rab8 17. a3 a5 18. Qg3 Rxb1+ 19. Rxb1 Rb8 20. Rxb8+ Qxb8
21. c5 dxc5 22. Bxc5 Nd7 23. Qe3 Qb1+ 24. Kh2 Qa1 25. Bd6 h6 26. Qa7 Kh7 27.
Qxa5 Qd4 28. Qc7 Qxf2 29. Bxe5 Nxe5 30. Qxe5 c5 31. Qg3 Qd4 32. e5+ Kg8 33. Qe1
c4 34. Qe4 Qc5 35. Be2 Bd5 36. Qf4 Qxa3 37. Qd4 Qa5 38. c3 Qa2 39. Bf1 Be6 40.
Kg3 Kh8 41. h4 g6 42. Kf3 h5 43. Kf4 Kh7 44. g3 Kh6 45. Ke3 Qb3 46. Kf4 Kg7 47.
Be2 Qb5 48. Kf3 Qa4 49. Ke3 Kh7 50. Bf3 Qc2 51. Be4 Qh2 52. Kf3 Qh1+ 53. Kf2
Qc1 54. Qe3 Qb2+ 55. Kf3 Kg7 56. Kf4 Kf8 57. Kg5 Qa3 58. Qd2 Kg7 59. Kf4 Qa1
60. Bg2 Bf5 61. Bf3 Bd3 62. Bg2 Kf8 63. Kg5 Ke7 64. Qe3 Qa5 65. Qd4 f6+ 66. Kf4
Qc7 67. Bd5 Kf8 68. Be4 Kg8 69. Ke3 fxe5 70. Qd5+ Qf7 71. Qxf7+ Kxf7 72. Bxd3
cxd3 73. Kxd3 Ke7 74. Ke4 Kd6 75. c4 Kc5 76. Kxe5 Kc6 77. Kf6 Kc5 78. Kxg6 Kd6
79. Kxh5 Ke5 80. Kg6 Ke6 81. h5 Ke5 82. g4 Ke6 83. h6 Kd6 84. h7 Ke7 85. h8=Q
Kd6 86. Qd4+ Kc6 87. Qd5+ Kc7 88. c5 Kc8 89. Qf7 Kd8 90. c6 Kc8 91. Qd7+ Kb8
92. Qb7# {Hossa checkmated} 1-0

[Event "ICS rated standard match"]
[Site "204.178.125.65"]
[Date "2000.05.20"]
[Round "?"]
[White "Hossa"]
[Black "cmslim"]
[Result "0-1"]
[WhiteElo "2356"]
[BlackElo "2441"]
[PlyCount "174"]
[EventDate "2000.??.??"]

1. d3 d5 2. Nf3 Nf6 3. Nbd2 c5 4. e4 Nc6 5. exd5 Qxd5 6. Be2 e6 7. O-O Be7 8.
Nc4 O-O 9. Bf4 Nh5 10. Bd6 Re8 11. Bxe7 Nxe7 12. Nfd2 Nf4 13. Bf3 Qd7 14. Nb3
Qc7 15. Qe1 Nfd5 16. Qe5 Qxe5 17. Nxe5 f6 18. Ng4 Nb4 19. Ne3 Na6 20. Na5 Rb8
21. Rfe1 Rd8 22. Nb3 e5 23. Nd2 Be6 24. Ne4 Rd4 25. b3 b6 26. a4 Rbd8 27. a5 b5
28. Nc3 b4 29. Ne2 R4d7 30. Ng3 Rd4 31. Bb7 Bc8 32. Bxa6 Bxa6 33. Ra2 Nd5 34.
Ne2 Rh4 35. Nf5 Rg4 36. Nfg3 Rg6 37. Ne4 Rc8 38. N2g3 Nf4 39. h3 Rc7 40. Nd6
Bb7 41. Nxb7 Rxb7 42. a6 Rb5 43. Kh2 Kf7 44. Kh1 Ke6 45. Rg1 f5 46. Re1 h5 47.
Rg1 Rb6 48. Kh2 Rc6 49. Raa1 h4 50. Nf1 Ne2 51. Rh1 Nd4 52. Ra2 Ke7 53. Ne3
Rxa6 54. Rha1 Rxa2 55. Rxa2 a6 56. Nd5+ Kd7 57. Ne3 e4 58. dxe4 fxe4 59. Nc4
Rf6 60. Kg1 Ke7 61. Ne3 Ne2+ 62. Kf1 Nc3 63. Ra5 Rc6 64. Ke1 Ke6 65. Nd1 Nxd1
66. Kxd1 Kd5 67. Ke2 Kd4 68. Ra2 Rg6 69. Kf1 Kc3 70. Kg1 Rd6 71. g3 hxg3 72.
fxg3 c4 73. bxc4 Rd1+ 74. Kf2 b3 75. cxb3 Rd2+ 76. Ke3 Rxa2 77. Kxe4 Kxb3 78.
c5 a5 79. c6 a4 80. c7 Rc2 81. Kf5 Rxc7 82. h4 a3 83. Kg6 a2 84. g4 a1=Q 85.
Kh7 Qb1+ 86. Kg8 Qg6 87. g5 Rc8# {Hossa checkmated} 0-1

[Event "ICS Rated blitz match"]
[Site "204.178.125.65"]
[Date "2000.05.20"]
[Round "?"]
[White "Ramiro"]
[Black "Hossa"]
[Result "0-1"]
[WhiteElo "2130"]
[BlackElo "2474"]
[PlyCount "43"]
[EventDate "2000.??.??"]

1. e4 c5 2. Nf3 Nc6 3. d4 cxd4 4. Nxd4 g6 5. c4 Bg7 6. Be3 Nf6 7. Nc3 O-O 8.
Be2 d6 9. O-O Nxd4 10. Bxd4 Be6 11. f3 Bc8 12. Qd2 Bd7 13. Rfd1 b6 14. Rac1 Rc8
15. b4 a5 16. a3 Ra8 17. b5 Nh5 18. Nd5 Bxd4+ 19. Qxd4 Rb8 20. f4 Ng7 21. Bd3
Bg4 22. Rf1 0-1

[Event "ICS rated blitz match"]
[Site "204.178.125.65"]
[Date "2000.05.20"]
[Round "?"]
[White "prg3"]
[Black "Hossa"]
[Result "0-1"]
[WhiteElo "2191"]
[BlackElo "2478"]
[PlyCount "42"]
[EventDate "2000.??.??"]

1. d4 Nf6 2. c4 e6 3. Nc3 Bb4 4. Qc2 d5 5. a3 Bxc3+ 6. Qxc3 Ne4 7. Qc2 c5 8.
cxd5 exd5 9. dxc5 Bf5 10. Qa4+ Nc6 11. b4 Nxf2 12. Kxf2 Qh4+ 13. g3 Qd4+ 14.
Be3 Qxa1 15. Nf3 O-O 16. Bg2 Qb2 17. Rd1 Rfe8 18. Rxd5 Rxe3 19. Kxe3 Re8+ 20.
Kf4 Bc2 21. Rd2 Qf6+ 0-1

[Event "ICS rated standard match"]
[Site "204.178.125.65"]
[Date "2000.05.20"]
[Round "?"]
[White "Hossa"]
[Black "cmslim"]
[Result "0-1"]
[WhiteElo "2344"]
[BlackElo "2449"]
[PlyCount "240"]
[EventDate "2000.??.??"]

1. d4 Nf6 2. c4 e6 3. Nc3 Bb4 4. Qc2 O-O 5. a3 Bxc3+ 6. Qxc3 b6 7. Bg5 Bb7 8.
f3 h6 9. Bh4 d5 10. e3 Nbd7 11. cxd5 Nxd5 12. Bxd8 Nxc3 13. Bh4 Nd5 14. Bf2 c5
15. e4 Ne7 16. Bb5 Bc6 17. Ba6 cxd4 18. Bxd4 Rad8 19. Ne2 f5 20. exf5 Nxf5 21.
Bf2 Nc5 22. Rc1 Nxa6 23. Rxc6 Rf6 24. Ng3 Nxg3 25. hxg3 Kf7 26. g4 Rd5 27. Rc4
Nc5 28. Bxc5 bxc5 29. Ra4 Rd7 30. Rh5 g5 31. Rc4 Rd5 32. b3 e5 33. Ke2 Rfd6 34.
Rc3 a5 35. Rc2 Re6 36. Rc4 Ra6 37. Rh1 Rb6 38. Rc3 Ke7 39. g3 Kf7 40. Rh5 Rf6
41. Ke3 Ke7 42. Rh1 Rb6 43. Re1 Rd4 44. Kf2 Kd6 45. Rh1 Kd5 46. Rhc1 Rc6 47.
Ke3 Kd6 48. Rd3 Rb6 49. Rcc3 Rb7 50. Rd2 Rf7 51. Rdc2 Rd5 52. Rh2 Rf6 53. Rc1
Kd7 54. Rh5 Re6 55. Rh3 Rf6 56. Ke2 Rfd6 57. Rc3 Kc6 58. Rh1 Kb7 59. Ke3 Kb6
60. Rhc1 Kb5 61. Ke4 Rd7 62. R1c2 Rd8 63. Rh2 R8d6 64. Re2 Kc6 65. Rec2 Rd4+
66. Ke3 R6d5 67. Rc1 Kb6 68. Re1 Rd6 69. Re2 Kb5 70. Rec2 Rc6 71. Rc4 Kb6 72.
Rc1 Kb5 73. Ke2 Kb6 74. R1c2 Kb5 75. a4+ Kb6 76. Ke3 Rd5 77. Ke4 Rcd6 78. Rb2
Kc6 79. Rc3 Rd4+ 80. Ke3 Rd1 81. Rbc2 R6d5 82. Rh2 Re1+ 83. Kf2 Rd2+ 84. Kxe1
Rxh2 85. Re3 Rb2 86. Kf1 Kd5 87. Rd3+ Ke6 88. Ke1 Rc2 89. Re3 c4 90. Kd1 cxb3
91. Rxb3 Rc4 92. Rb6+ Kf7 93. Rxh6 Rxa4 94. Ke2 Rc4 95. Ke3 a4 96. Rb6 Rd4 97.
Kf2 a3 98. Ra6 Rd3 99. Ra8 Rb3 100. Ra6 Ke7 101. Rg6 Rb1 102. Ra6 Ra1 103. Ke3
a2 104. Ke4 Re1+ 105. Kf5 a1=Q 106. Rxa1 Rxa1 107. Kxg5 Ke6 108. Kh4 Rh1+ 109.
Kg5 Rh3 110. f4 e4 111. f5+ Ke5 112. f6 Rxg3 113. f7 Rf3 114. Kg6 Ke6 115.
f8=N+ Rxf8 116. Kh5 e3 117. Kh4 e2 118. Kg3 e1=Q+ 119. Kh3 Qh1+ 120. Kg3 Rf3#
0-1

[Event "ICS Rated standard match"]
[Site "204.178.125.65"]
[Date "2000.05.20"]
[Round "?"]
[White "Amateur"]
[Black "Hossa"]
[Result "0-1"]
[WhiteElo "2309"]
[BlackElo "2333"]
[PlyCount "190"]
[EventDate "2000.??.??"]

1. c4 Nf6 2. Nc3 e5 3. Nf3 Nc6 4. g3 d5 5. cxd5 Nxd5 6. Qb3 Be6 7. Qa4 Nb6 8.
Qd1 Bb4 9. Bg2 Bxc3 10. bxc3 e4 11. Ng1 Bf5 12. Nh3 O-O 13. O-O Re8 14. Rb1 Qd5
15. Rb2 Bxh3 16. Bxh3 Rad8 17. Bg2 Qf5 18. Rb1 Ne5 19. Rb3 Nec4 20. Qc2 Re7 21.
Rd1 Qg4 22. d3 exd3 23. Bf3 Qf5 24. Rxd3 Rxd3 25. Qxd3 Qxd3 26. exd3 Re1+ 27.
Kg2 Ne5 28. Be3 Nxd3 29. Ra3 Nc4 30. Rxa7 Nxe3+ 31. fxe3 g5 32. Rxb7 Rc1 33.
Bd5 Rxc3 34. a4 g4 35. a5 Rc2+ 36. Kf1 Rf2+ 37. Kg1 Rd2 38. Rb1 Nc5 39. Bc6 Nd3
40. Be4 Nf2 41. a6 Ra2 42. Bf5 Nh3+ 43. Kf1 Rxa6 44. Bxg4 Ng5 45. Rb2 c5 46.
Rc2 Ra5 47. Kg2 Kg7 48. Bf5 Kf6 49. g4 h6 50. Rc4 Ke5 51. h4 Ne6 52. Kf3 Nc7
53. Kg3 Kd6 54. Kf2 Ra2+ 55. Rc2 Rxc2+ 56. Bxc2 c4 57. Ke2 Nd5 58. h5 Ke6 59.
Bf5+ Ke5 60. Kd2 Nf6 61. Bc8 Ne4+ 62. Kc2 Kd6 63. Bb7 Ng5 64. Kc3 Kc5 65. Bg2
f6 66. Bb7 Nf7 67. Be4 Nd6 68. Bg6 Nb5+ 69. Kc2 Kb4 70. Bf7 Nc3 71. Kc1 Kb3 72.
Be6 Ne4 73. Bd5 Nf2 74. Be6 Kc3 75. Bf5 Nd3+ 76. Kd1 Nc5 77. e4 Nd3 78. Be6
Nf2+ 79. Kc1 Nxe4 80. Bf5 Nc5 81. Bg6 Nb3+ 82. Kd1 Kb2 83. Ke2 Nd4+ 84. Ke3 Nc6
85. Ke4 c3 86. Kf4 Nd4 87. Be4 c2 88. Bxc2 Kxc2 89. Ke3 Nc6 90. Kf4 Ne7 91. Ke4
Kd2 92. Kd4 Ke2 93. Ke4 Kf2 94. Kf4 Nd5+ 95. Ke4 Kg3 0-1

[Event "ICS rated blitz match"]
[Site "204.178.125.65"]
[Date "2000.05.20"]
[Round "?"]
[White "Hossa"]
[Black "cmslim"]
[Result "0-1"]
[WhiteElo "2483"]
[BlackElo "2611"]
[PlyCount "136"]
[EventDate "2000.??.??"]

1. e4 e5 2. Nf3 Nc6 3. Bb5 a6 4. Ba4 Nf6 5. O-O Be7 6. Re1 b5 7. Bb3 d6 8. c3
O-O 9. d4 Bg4 10. d5 Na5 11. Bc2 c6 12. a4 cxd5 13. exd5 Qc7 14. axb5 axb5 15.
h3 Bd7 16. b3 Nb7 17. Ba3 Nc5 18. Ra2 Bc8 19. Re2 Bb7 20. Rd2 Nce4 21. Bxe4
Nxe4 22. Rdc2 f5 23. Bb4 Qd7 24. Na3 Ra7 25. Re2 Rfa8 26. Re3 Bd8 27. c4 Bb6
28. Ree2 Bc5 29. Bxc5 Nxc5 30. b4 Ne4 31. Qa1 bxc4 32. Nxc4 Bxd5 33. Nb6 Rxa2
34. Rxa2 Rxa2 35. Qxa2 Bxa2 36. Nxd7 Bc4 37. Nb6 Bb5 38. g4 fxg4 39. hxg4 Kf7
40. Nd5 g6 41. Nc7 Bd7 42. Nh2 Nc3 43. g5 Ke7 44. Nf1 Kd8 45. Na8 d5 46. f4
exf4 47. Kg2 Bc6 48. Kf3 Bxa8 49. Kxf4 Na2 50. b5 Nc3 51. b6 Na4 52. Ke3 Nxb6
53. Kd3 Nc4 54. Nh2 Kd7 55. Ng4 Ke6 56. Nh6 Ne5+ 57. Ke3 Nf7 58. Kf4 Nxh6 59.
gxh6 d4 60. Kg3 g5 61. Kf2 Ke5 62. Ke2 Ke4 63. Kf2 d3 64. Kg3 d2 65. Kg4 d1=Q+
66. Kxg5 Ke5 67. Kh4 Kf4 68. Kh3 Qh1# 0-1

[Event "ICS rated blitz match"]
[Site "204.178.125.65"]
[Date "2000.05.20"]
[Round "?"]
[White "Hossa"]
[Black "JZInsomniac"]
[Result "0-1"]
[WhiteElo "2473"]
[BlackElo "2789"]
[PlyCount "134"]
[EventDate "2000.??.??"]

1. e4 c5 2. Nf3 d6 3. d4 cxd4 4. Qxd4 Nc6 5. Bb5 Bd7 6. Bxc6 Bxc6 7. Nc3 Nf6 8.
Bg5 e6 9. O-O-O Be7 10. Rhe1 O-O 11. e5 dxe5 12. Qh4 Qc7 13. Nxe5 Rfd8 14. Ng4
Nxg4 15. Bxe7 Rxd1+ 16. Rxd1 Ne5 17. Bd6 Ng6 18. Qxh7+ Kxh7 19. Bxc7 Bxg2 20.
Bg3 e5 21. h4 Kh6 22. Nb5 f5 23. Nd6 Rf8 24. Rg1 Bc6 25. Re1 f4 26. Bh2 Nxh4
27. b4 Nf3 28. Rh1 Kg6 29. b5 Bd5 30. c4 Rd8 31. cxd5 Rxd6 32. Kd1 Rxd5+ 33.
Ke2 Nxh2 34. Rxh2 Rxb5 35. Rg2+ Kf6 36. f3 Rb2+ 37. Kf1 Rxg2 38. Kxg2 Kf5 39.
Kh2 e4 40. Kg2 exf3+ 41. Kxf3 b5 42. Ke2 f3+ 43. Kxf3 b4 44. Ke3 b3 45. a3 b2
46. Kd3 b1=Q+ 47. Kd4 Qb4+ 48. axb4 Kf4 49. Kd3 Kf3 50. Kd2 Kf2 51. b5 Kg3 52.
Ke3 g6 53. Ke2 g5 54. Ke3 g4 55. Ke2 Kh2 56. b6 axb6 57. Kf2 g3+ 58. Kf3 g2 59.
Ke4 g1=Q 60. Ke5 Qd1 61. Kf6 Qe1 62. Kg7 Qe7+ 63. Kh6 Kg3 64. Kh5 Qd6 65. Kg5
Qe6 66. Kh5 Kf4 67. Kh4 Qg4# 0-1

[Event "ICS rated blitz match"]
[Site "204.178.125.65"]
[Date "2000.05.20"]
[Round "?"]
[White "Rodolfo"]
[Black "Hossa"]
[Result "0-1"]
[WhiteElo "2070"]
[BlackElo "2469"]
[PlyCount "104"]
[EventDate "2000.??.??"]

1. e4 c5 2. Nf3 Nc6 3. Bb5 Qb6 4. Nc3 e6 5. O-O Nge7 6. Re1 d6 7. b3 a6 8. Bf1
Bd7 9. Bb2 Nd4 10. Nxd4 cxd4 11. Ne2 Nc6 12. c4 Be7 13. d3 O-O 14. g3 e5 15.
Bg2 Qc7 16. Rf1 Qc8 17. f4 Bh3 18. f5 Bxg2 19. Kxg2 b6 20. Ng1 Bg5 21. Nf3 Be3
22. Qe2 Qc7 23. Kh1 b5 24. Nh4 bxc4 25. bxc4 f6 26. Ng2 Bg5 27. h4 Bh6 28. Bc1
Bxc1 29. Rfxc1 Rfb8 30. Rcb1 Rb7 31. Rxb7 Qxb7 32. Qc2 Rb8 33. Ne1 Ne7 34. Kg1
Qb6 35. Kf1 Qb2 36. Rc1 Qxc2 37. Rxc2 a5 38. Ke2 a4 39. Kd2 a3 40. Kc1 Nc6 41.
Rd2 Nb4 42. Nf3 h5 43. Ne1 Kf7 44. Nf3 Rg8 45. Ne1 g6 46. fxg6+ Rxg6 47. Rg2
Ke6 48. Kd1 f5 49. Kc1 f4 50. Kd1 Rxg3 51. Rxg3 fxg3 52. Kc1 Nxd3+ 0-1

[Event "ICS rated blitz match"]
[Site "204.178.125.65"]
[Date "2000.05.20"]
[Round "?"]
[White "Hossa"]
[Black "KVENTIN"]
[Result "1-0"]
[WhiteElo "2472"]
[BlackElo "2694"]
[PlyCount "133"]
[EventDate "2000.??.??"]

1. e4 c5 2. Nf3 Nc6 3. d4 cxd4 4. Nxd4 g6 5. Be3 Bg7 6. Nc3 Nf6 7. Nxc6 bxc6 8.
e5 Nd5 9. Nxd5 cxd5 10. Qxd5 Rb8 11. Bxa7 Rxb2 12. Bd4 Rb8 13. Bc4 O-O 14. O-O
d6 15. exd6 Be6 16. Qg5 Qxd6 17. Bxg7 Kxg7 18. Bxe6 Qxe6 19. Rfe1 Qf6 20. Qxf6+
Kxf6 21. a4 Rfc8 22. Ra2 Ra8 23. Re4 Ra5 24. h4 e5 25. f4 exf4 26. Rxf4+ Ke6
27. g3 f5 28. Kg2 Rc3 29. Rf1 Rac5 30. Re1+ Kf6 31. Rc1 Ra5 32. Rd1 Rc4 33.
Rda1 Rac5 34. Kf3 Rc3+ 35. Kf2 Rxc2+ 36. Kg1 R2c3 37. Kg2 Ra5 38. Rf1 Rc4 39.
Rf4 Rc3 40. Rd4 Ke5 41. Rb4 Kf6 42. Kf2 Rd3 43. Ra1 h6 44. Rb6+ Kg7 45. Rc1 Rd7
46. Rcc6 Rxa4 47. Rxg6+ Kf7 48. Rxh6 Rd3 49. Rb7+ Kg8 50. Rg6+ Kf8 51. Rf6+ Ke8
52. Rb2 Rd5 53. Re2+ Kd8 54. h5 f4 55. Rxf4 Rxf4+ 56. gxf4 Rxh5 57. Kg3 Rh7 58.
Kg4 Rg7+ 59. Kh5 Rg1 60. f5 Rf1 61. Kg6 Rg1+ 62. Kf7 Ra1 63. f6 Ra7+ 64. Kg6
Ra6 65. Kg7 Ra7+ 66. f7 Rb7 67. Re8+ {KVENTIN resigns} 1-0